000 00550nam a2200193Ia 4500
005 20250507130232.0
008 008 250505s9999 xx 000 0 eng d
037 _aSeries Article
040 _aEASL
_beng
_cEASL
041 _aeng
_2eng
084 _qEASL
100 _aSaha Jonathan
_9668997
245 0 _aMadness and the making of a colonial order in burma
260 _aUK
_bCambridge Cambridge University Press UK
_c2013
300 _a406-436
650 _aModern Asian Studies
942 _cSRA
999 _c1318477
_d1318477